000 01253nam1a2200301 i 4500
001 RU\NLR\bibl\314274
005 20260406025926.0
035 _a(NLR Aleph) 000309373
090 _a30254
_c30254
100 _a20021003d20029999u y0rusy50 ca
101 0 _arus
102 _aRU
105 _a||||z |||||
200 1 _aМикросхемы для современных импортных телевизоров
_f[Подгот. А.А. Коннов, А.Е. Пескин
_gОтв. ред. В.А. Казначеев
205 _a2-е изд.]
210 _aМ.
_cДодэка-XXI
_d2002
215 _d24
225 1 _aЭнциклопедия ремонта
_v...
463 0 _1001292626
606 _aТелевизоры зарубежные
_xИнтегральные схемы
_92083242
_3RU\NLR\auth\661259292
686 _aЗ94-522-04
702 1 _4220
_7ca
_8rus
_aКоннов
_bА. А.
_gАлексей Александрович
_9110391
_3RU\NLR\auth\77336
702 1 _4340
_7ca
_8rus
_aКазначеев
_bВ. А.
_cрадиотехник
_914808
_3RU\NLR\AUTH\7731798
801 0 _aRU
_bNLR
_c20021003
_gPSBO
801 1 _aRU
_bNLR
_c20021003
852 _aNLR
_j2002-7/3937
942 _cBOOK